No mendigues amor 2 : (Registro nro. 6591)
[ vista simple ]
| 000 -LEADER | |
|---|---|
| fixed length control field | 01756nam a22003017a 4500 |
| 003 - CONTROL NUMBER IDENTIFIER | |
| control field | OSt |
| 005 - DATE AND TIME OF LATEST TRANSACTION | |
| control field | 20200225095509.0 |
| 008 - FIXED-LENGTH DATA ELEMENTS--GENERAL INFORMATION | |
| fixed length control field | 200225s2012 ck ||||g |||| 001 0dspa d |
| 020 ## - INTERNATIONAL STANDARD BOOK NUMBER | |
| International Standard Book Number | 9789587350258 |
| 040 ## - CATALOGING SOURCE | |
| Original cataloging agency | CO-JMCR |
| Transcribing agency | CO-JMCR |
| Language of cataloging | spa |
| 082 04 - DEWEY DECIMAL CLASSIFICATION NUMBER | |
| Classification number | 152.4 / |
| Item number | L754n |
| 100 1# - MAIN ENTRY--PERSONAL NAME | |
| Personal name | Linero Gómez, P. Alberto, |
| Relator term | autor |
| 9 (RLIN) | 894 |
| 245 1# - TITLE STATEMENT | |
| Title | No mendigues amor 2 : |
| Remainder of title | Con manual de instrucciones / |
| Statement of responsibility, etc. | P. Alberto Linero Gómez |
| 250 ## - EDITION STATEMENT | |
| Edition statement | Octava edición |
| 260 ## - PUBLICATION, DISTRIBUTION, ETC. | |
| Place of publication, distribution, etc. | Bogotá (Colombia) : |
| Name of publisher, distributor, etc. | Corporación Centro Carismático Minuto de Dios, |
| Date of publication, distribution, etc. | 2012 |
| 300 ## - PHYSICAL DESCRIPTION | |
| Extent | 133 páginas |
| Dimensions | 23 cm. |
| 490 ## - SERIES STATEMENT | |
| Series statement | Colección Orando y viviendo ; |
| Volume/sequential designation | 15. |
| 500 ## - GENERAL NOTE | |
| General note | Incluye datos biográficos del autor en solapa frontal. |
| 505 ## - FORMATTED CONTENTS NOTE | |
| Formatted contents note | No mendigues amor 2 -- Confiando en el poder de Dios -- ¿Cuál es el perfil que tienes de ti?¿Cómo te ves a tí mismo? -- Cambia de actitud, es tu oportunidad -- Eres valioso, esa tiene que ser tu seguridad -- Mendigar amor es un mal negocio -- Justificar la situación no lo cambia -- Sin miedo a la soledad -- Inicia el nuevo camino -- Frases que no pueden estar en tu vocabulario -- Frases para sospechar de la actitud de otra persona -- A manera de conclusión |
| 520 ## - SUMMARY, ETC. | |
| Summary, etc. | En estas reflexiones queremos llegar a la certeza de que no necesitamos "mendigar amor" para ello vamos a trabajar en los siguientes puntos: <br/>No te dejes ganar por el miedo, ni por la costumbre. Siempre podrás hacerlo, no olvides que tienes muchos valores y capacidades, y y que esas son herramientas para poder vencer en tu batalla. |
| 650 24 - SUBJECT ADDED ENTRY--TOPICAL TERM | |
| Topical term or geographic name entry element | Autoestima |
| 9 (RLIN) | 895 |
| 650 24 - SUBJECT ADDED ENTRY--TOPICAL TERM | |
| Topical term or geographic name entry element | Emociones |
| 9 (RLIN) | 600 |
| 650 24 - SUBJECT ADDED ENTRY--TOPICAL TERM | |
| Topical term or geographic name entry element | Oraciones |
| 9 (RLIN) | 896 |
| 650 24 - SUBJECT ADDED ENTRY--TOPICAL TERM | |
| Topical term or geographic name entry element | Amor de Dios |
| 9 (RLIN) | 897 |
| 650 24 - SUBJECT ADDED ENTRY--TOPICAL TERM | |
| Topical term or geographic name entry element | Meditaciones |
| 9 (RLIN) | 898 |
| 650 24 - SUBJECT ADDED ENTRY--TOPICAL TERM | |
| Topical term or geographic name entry element | Vida espiritual |
| 9 (RLIN) | 899 |
| 942 ## - ADDED ENTRY ELEMENTS (KOHA) | |
| Source of classification or shelving scheme | Dewey Decimal Classification |
| Koha item type | Books |
| Withdrawn status | Lost status | Source of classification or shelving scheme | Damaged status | Not for loan | Home library | Current library | Shelving location | Date acquired | Source of acquisition | Cost, normal purchase price | Total Checkouts | Total Renewals | Full call number | Barcode | Date last seen | Date last checked out | Copy number | Price effective from | Koha item type |
|---|---|---|---|---|---|---|---|---|---|---|---|---|---|---|---|---|---|---|---|
| Dewey Decimal Classification | Biblioteca Pública José María del Castillo y Rada | Biblioteca Pública José María del Castillo y Rada | Processing Center | 02/24/2020 | Donación | 0.00 | 8 | 2 | 152.4 / L754n | 201809895 | 04/06/2026 | 04/06/2026 | Ej.1 | 02/25/2020 | Books |